Accident and loss prevention at sea : international conference and workshops (Record no. 12177)

000 -LEADER
fixed length control field 00534nam a22001817a 4500
008 - FIXED-LENGTH DATA ELEMENTS--GENERAL INFORMATION
fixed length control field 220627b ||||| |||| 00| 0 eng d
020 ## - INTERNATIONAL STANDARD BOOK NUMBER
International Standard Book Number 1870077156
082 ## - DEWEY DECIMAL CLASSIFICATION NUMBER
Classification number 623.888
Item number TNI
100 ## - MAIN ENTRY--PERSONAL NAME
Personal name The Nautical Institute
245 ## - TITLE STATEMENT
Title Accident and loss prevention at sea : international conference and workshops
250 ## - EDITION STATEMENT
Edition statement November 1993
260 ## - PUBLICATION, DISTRIBUTION, ETC. (IMPRINT)
Place of publication, distribution, etc London
Name of publisher, distributor, etc The Nautical Institute
Date of publication, distribution, etc 1993
300 ## - PHYSICAL DESCRIPTION
Extent 80p.
650 ## - SUBJECT ADDED ENTRY--TOPICAL TERM
Topical term or geographic name as entry element Marine accidents
650 ## - SUBJECT ADDED ENTRY--TOPICAL TERM
Topical term or geographic name as entry element Ships--Safety measures
650 ## - SUBJECT ADDED ENTRY--TOPICAL TERM
Topical term or geographic name as entry element Ships--Safety regulations
942 ## - ADDED ENTRY ELEMENTS (KOHA)
Item type Books
Holdings
Withdrawn status Lost status Source of classification or shelving scheme Damaged status Not for loan Collection code Permanent location Current location Shelving location Date acquired Full call number Barcode Date last seen Koha item type Public note
          Non-fiction IMU-MPC Library IMU-MPC Library General Stacks 2022-06-27 623.888 TNI LBS9758 2025-03-17 Books Column-2
Copyright © 2021 Indian Maritime University, Mumbai Port Campus. All Rights Reserved. Managed & Maintained by Central Library, IMU-Mumbai

webs counters

Powered by Koha